000 00388nam a22001577a 4500
003 MPLRDC
005 20220104142604.0
008 210129b ||||| |||| 00| 0 eng d
082 _a805.12 ZXD
100 _a邹先达编著
245 _a英文字汇串连记忆法
_c
260 _a
_b新艺出版社
_c
300 _b
650 _a单语、英语语汇
942 _cBK
_o805.12 ZXD
999 _c32108
_d32098